Hands on arts and crafts : cartooning

Bibliographic Details
Main Author: Hodge, Anthony
Format: Book
Published: London : Franklin Watts , 1991
Subjects:

MARC

LEADER 00000cam a2200000 7i4500
001 0000004341
002 000004665
005 20060116.0
020 |a 0749605448 
090 0 0 |a 745.5   |b HOD 
100 1 |a Hodge, Anthony 
245 1 0 |a Hands on arts and crafts :   |b cartooning   |c Anthony Hodge 
260 |a London :   |b Franklin Watts ,   |c 1991 
300 |a 32 p. :   |b ill. ;   |c 29 cm. 
650 0 0 |a Cartooning   |x Juvenile literature 
999 |a 037388   |b BUKU   |c PINJAMAN   |e PERPUSTAKAAN KOMUNITI PETALING JAYA